Chanteuses ayant vendu le plus de disques au Japon - Statistiques

Statistiques générales
  • Ce quiz a été pris 26 fois
  • Le résultat moyen est 4 sur 9
Statistiques - réponses
Nombre d'albums vendus Chanteuses internationales % Correct
3,3 millions d'exemplaires Taylor Swift
78%
6,45 millions d'exemplaires Madonna
70%
1,7 millions d'exemplaires Beyoncé
65%
7,15 millions d'exemplaires Céline Dion
39%
5,4 millions d'exemplaires Lady Gaga
39%
2,5 millions d'exemplaires Britney Spears
35%
4,3 millions d'exemplaires Whitney Houston
35%
14,5 millions d'exemplaires Mariah Carey
30%
6,4 millions d'exemplaires Avril Lavigne
9%
Aucun quiz correspondant
Distribution des résultats
% des personnes avec chaque résultat
Percentile par nombre de réponses
Votre historique - résultats
Vous n’avez pas pris ce quiz